Socio-economic history of Bangladesh : (Record no. 1652)

MARC details
000 -LEADER
fixed length control field 00636nam a22001817a 4500
003 - CONTROL NUMBER IDENTIFIER
control field BD-DhJNU
005 - DATE AND TIME OF LATEST TRANSACTION
control field 20250504053930.0
008 - FIXED-LENGTH DATA ELEMENTS--GENERAL INFORMATION
fixed length control field 250504b |||||||| |||| 00| 0 eng d
020 ## - INTERNATIONAL STANDARD BOOK NUMBER
International Standard Book Number 9843200467
040 ## - CATALOGING SOURCE
Original cataloging agency BD-DhJNU
Language of cataloging ENG
Transcribing agency BD-DhJNU
Modifying agency BD-DhJNU
082 ## - DEWEY DECIMAL CLASSIFICATION NUMBER
Edition number 23
Classification number 330.954 SOC
245 ## - TITLE STATEMENT
Title Socio-economic history of Bangladesh :
Remainder of title essays in memory of Professor Shafiqur Rahman /
Statement of responsibility, etc. edited by M. Mufakharul Islam.
260 ## - PUBLICATION, DISTRIBUTION, ETC.
Place of publication, distribution, etc. Dhaka :
Name of publisher, distributor, etc. Asiatic Society of Bangladesh,
Date of publication, distribution, etc. 2004.
300 ## - PHYSICAL DESCRIPTION
Extent vi, 216p. :
Other physical details ill. ;
Dimensions 25 cm.
650 ## - SUBJECT ADDED ENTRY--TOPICAL TERM
Topical term or geographic name entry element Economic conditions
General subdivision Bangladesh
700 ## - ADDED ENTRY--PERSONAL NAME
Personal name Islam, M. Mufakharul
Relator term editor
942 ## - ADDED ENTRY ELEMENTS (KOHA)
Source of classification or shelving scheme Dewey Decimal Classification
Koha item type Books
Suppress in OPAC No
Holdings
Withdrawn status Lost status Source of classification or shelving scheme Damaged status Not for loan Collection Home library Current library Shelving location Date acquired Source of acquisition Total checkouts Full call number Barcode Date last seen Copy number Price effective from Koha item type
    Dewey Decimal Classification     Non-fiction Jagannath University Central Library Jagannath University Central Library General stacks 05/04/2025 Purchased   330.954 SOC JNUCL25851 05/04/2025 1 05/04/2025 Books